Statistics for German Fruits, Vegetables and Nuts

Click here to take the quiz!

General Stats

  • This quiz has been taken 599 times
  • The average score is 21 of 36

Answer Stats

HintAnswer% Correct
Apfelapple
99%
Orangeorange
98%
Erdbeerestrawberry
94%
Tomatetomato
94%
Kartoffelpotato
88%
Kirschecherry
87%
Kokosnusscoconut
86%
Blaubeereblueberry
84%
Erbsepea
84%
Ananaspineapple
81%
Bohnebean
78%
Pfirsichpeach
77%
Walnusswalnut
77%
Gurkecucumber
73%
Haselnusshazelnut
72%
Mohrrübe/Karottecarrot
70%
Spinatspinach
68%
Aprikoseapricot
63%
Brokkolibroccoli
63%
Pflaumeplum
62%
Süßkartoffelsweet potato
62%
Birnepear
60%
Himbeereraspberry
55%
Zucchinizucchini
52%
Sojabohnesoy bean
47%
Mandelalmond
44%
Spargelasparagus
39%
Aubergineeggplant
38%
Kohlcabbage
35%
Pistaziepistachio
31%
Rosenkohlbrussels sprouts
19%
Kichererbsechickpea
16%
Grünkohl/Braunkohlkale
14%
Kochbananeplantain
12%
Radieschenred radish
3%
Rettichwhite radish
3%

Score Distribution

Percentile by Number Answered

Percent of People with Each Score

Your Score History

You have not taken this quiz